000
00271nam a22001097a 4500
082
_a
620.198 VIG'O
100
_a
VIGOUREUX, P,BOOTH, C.F
_9
76958
245
_a
QUALITY VIBRATORS AND THEIR APPLICATIONS
260
_a
LONDON
_b
MAJESTICS
_c
1950
300
_a
371P
942
_c
BK
999
_c
582269
_d
582269